| 000 | 00540nam a22001577a 4500 | ||
|---|---|---|---|
| 005 | 2012031706346.0 | ||
| 020 |
_a0671201581 _c00.00 |
||
| 035 | _aB-307903 | ||
| 037 |
_aDPL _bENG |
||
| 100 |
_aRussell, Bertrand _943884 |
||
| 245 |
_aA history of western philosophy / _cby Bertrand Russell |
||
| 260 |
_aNewyork _bA Touchstone Book |
||
| 300 |
_axiii, 895p. _c20 cms. |
||
| 942 |
_2ddc _cEN _h190 _mRUS |
||
| 999 |
_c64098 _d64098 |
||